000 00525nam a2200181Ia 4500
008 090124s9999 xx 000 0 und d
082 _b119286
100 _aगांगल सुमन
245 _a रुप पाहता लोचनी
250 _a1
260 _c1982
300 _a168
600 _aगांगल सुमन
630 _a रुप पाहता लोचनी
700 _aगांगल सुमन
730 _a रुप पाहता लोचनी
942 _cBOOK
999 _c165372
_d165372